01409cam a2200361 a 450000100090000000300090000900500170001800800410003502000180007604000380009408200210013210000470015324500780020026400400027830000320031833600260035033700280037633800270040449000300043150000620046150400410052365000550056465000440061965000420066365000370070565100360074265100350077865300230081365500240083694200120086099900170087295201580088912820800EG-ScBUE20220210094745.0020617s2002 nyu f b 000 1 eng d a9780375414206 aTEFbengerdacTEFdDLCdEG-ScBUE04a823.912222bWAU1 aWaugh, Evelyn,d1903-1966,eauthor.93044912aA handful of dust /cEvelyn Waugh ; with an introduction by William Boyd. 1aNew York :bAlfred A. Knopf,c2002. axxxvii, 225 pages ;c21 cm. 2rdacontentatextbtxt 2rdamediaaunmediatedbn 2rdacarrieravolumebnc0 aEveryman's library ;v252 aOriginally published: Farrar & Rinehart : New York, 1934. aIncludes bibliographical references. 7aAristocracy (Social class)vFiction.9304512BUEsh 7aBritishzBrazilvFiction.9304522BUEsh 7aCountry homesvFiction.9304532BUEsh 7aAdulteryvFiction.9304542BUEsh 7aEnglandvFiction.9304552BUEsh 7aBrazilvFiction.9304562BUEsh cJuly2012bHHUUEENN vReading book934232 2ddccBB c16839d16839 00102ddc40708BaccahaMAINbMAINc2NDd2012-07-10epurchaseg125.00h15359l2o823.912 WAUp000026942r2025-07-15 00:00:00s2019-11-19w2012-07-10yBB